1110 1518 1425 1528 1741 1875 1181 1644 1128 1424 1944 1878 1716 1183 1994 1292 1720 1938 1993 1071 1378 1279 1131 1482 1455 1170 1411 1797 1543 1874 1921 1641 1977 1785 1044 1702 1803 1982 1905 1193 1368 1759 1410 1907 1535 1491 1946 1095 1710 1891 1738 1176 1574 1473 1620 1838 1030 1768 1151 1394 1453 1142 1016 1321 1119 1480 1804 1397 1814 1857 1537 1422 1290 1007 1864 1129 1286 1717 1510 1028 1248 1487 1165 1431 1754 1413 1981 1858 1025 1713 1267 1206 1113 1856 1960 1254 1393 1261 1625 BCNSPRNW ULIB Ver.6.0+V

เปลี่ยนเป็นภาษาไทย

Change to English
 แสดงรายละเอียดบรรณานุกรม
  กลับหน้าหลัก

Brief Record : Get Marc (ISO 2709) : E-mail record : QR code < ปิดหน้าต่าง
LEADER : 00000nam 2200000uu 4500
001    13399112766
003     ULIB
008    110908s2543||||th 000 0 tha d
020    9745342092
050 04 LB1043^bส253อ 2543
100 0  สมรัก ปริยะวาที
245 10 Authorware 5.0 โปรแกรมสร้าง CAI Multimedia /^cสมรัก ปริยะวาที
260    กรุงเทพฯ :^bซีเอ็ดยูเคชั่น,^c2543
300    300 หน้า :^bภาพประกอบ
650  7 ระบบมัลติมีเดีย
650  7 ออเธอร์แวร์ (โปรแกรมคอมพิวเตอร์)
650  7 คอมพิวเตอร์ช่วยการสอน^xโปรแกรมคอมพิวเตอร์
945    ^p250^l0^i012516
995    ทศพร
999 ^a ทศพร
รายการนี้ยังไม่มีแท็ก
คุณยังไม่ได้ล็อกอิน คุณสามารถมีกิจกรรมร่วมกับเว็บไซต์ได้ แต่ต้องล็อกอินก่อน ::
  ล็อกอิน

รายการสื่อสารสนเทศ

ลำดับที่ ประเภท เลขเรียก/บาร์โค้ด สถานที่ สถานะ
- ไม่พบข้อมูล -

รายการใกล้เคียง
    ผู้แต่ง [สมรัก ปริยะวาที]

    หัวเรื่อง [ระบบมัลติมีเดีย]

BibComment


ยังไม่เคยถูกคอมเมนท์

คอมเมนท์ทรัพยากรรายการนี้
  คอมเมนท์: Authorware 50 โปร..


 Copyright 2026. Bcnsprnw @Library